| 000 | 00552nam a2200169 a 4500 | ||
|---|---|---|---|
| 001 | 000048861 | ||
| 005 | 20201002061450.0 | ||
| 008 | 190422s2016 dr r 000 0 spa d | ||
| 040 |
_aDO-SdBNP _bspa _cBNPHU |
||
| 082 |
_axxxx _bV335i |
||
| 100 | 1 |
_aVásquez, José _951928 |
|
| 245 | 1 | 3 |
_aLa imprudencia de un regulador : _buna experiencia para contador / _cJosé Vásquez, Juan Almánzar. |
| 260 |
_aSanto Domingo : _bs.n. ;, _c2016. |
||
| 300 |
_a109 p. ; _c22 cm. + _eCD-ROOM |
||
| 500 | _aBibliografía : p. 107-109 | ||
| 700 | 1 |
_aAlmánzar, Juan _976306 |
|
| 999 |
_c48349 _d48349 |
||